Statistiques concernant Focus sur: Nick Quasi-Sans-Tête - Harry Potter

Cliquez ici pour prendre le quiz!

Statistiques générales

  • Ce quiz a été pris 154 fois
  • Le résultat moyen est 7 sur 8

Statistiques - réponses

Informations recherchéesRéponses% Correct
Lieu de rencontre avec Harry PotterPoudlard
99%
Maison fréquentéeGryffondor
98%
Ecole fréquentéePoudlard
98%
Statut du sangSang-Pur
97%
EspèceFantôme
96%
Première apparitionHarry Potter à l'école des sorciers
96%
Vraie identitéSir Nicholas de Mimsy-Porpington
79%
Acteur l'interprétant dans les filmsJohn Cleese
21%

Distribution des résultats

Percentile par nombre de réponses

% des personnes avec chaque résultat

Votre développement - résultats

Vous n’avez pas pris ce quiz